| 000 | 00669nam a2200193Ia 4500 | ||
|---|---|---|---|
| 005 | 20250618162524.0 | ||
| 008 | 008 250516s9999 xx 000 0 hin d | ||
| 020 | _a9789362018236 | ||
| 040 |
_beng _cSDCL |
||
| 041 |
_ahin _2hin |
||
| 084 | _aY72.2'P R4 | ||
| 100 | _aGuha, Ramachandra | ||
| 245 | 0 |
_aSabhyata ke kone : _bVerrier Elvin aur bhartiya adiwasi samaj |
|
| 246 |
_aसभ्यता के कोने : _bवेरियर एल्विन और भारतीय आदिवासी समाज |
||
| 260 |
_aNoida : _bSetu Prakashan, _c2024. |
||
| 300 | _axxxvi, 461p. | ||
| 650 |
_aSociology--Adivasi _9813131 |
||
| 942 |
_cTEXL _2CC |
||
| 999 |
_c1430740 _d1430740 |
||